<?xml version="1.0" encoding="UTF-8"?>
<record
    xmlns:xsi="http://www.w3.org/2001/XMLSchema-instance"
    xsi:schemaLocation="http://www.loc.gov/MARC21/slim http://www.loc.gov/standards/marcxml/schema/MARC21slim.xsd"
    xmlns="http://www.loc.gov/MARC21/slim">

  <leader>01072nam a2200229Ia 4500</leader>
  <datafield tag="999" ind1=" " ind2=" ">
    <subfield code="c">56662</subfield>
    <subfield code="d">56662</subfield>
  </datafield>
  <controlfield tag="001">23784</controlfield>
  <controlfield tag="003">GE_BSU</controlfield>
  <controlfield tag="005">20241028120527.0</controlfield>
  <controlfield tag="008">181216s1989||||ge |||||||||||||| ||geo||</controlfield>
  <datafield tag="041" ind1=" " ind2=" ">
    <subfield code="a">geo</subfield>
  </datafield>
  <datafield tag="080" ind1=" " ind2=" ">
    <subfield code="a">611.013(075.8) &#x10D2;-23</subfield>
  </datafield>
  <datafield tag="100" ind1=" " ind2=" ">
    <subfield code="a">&#x10D2;&#x10D0;&#x10E9;&#x10D4;&#x10E9;&#x10D8;&#x10DA;&#x10D0;&#x10EB;&#x10D4;, &#x10EA;.</subfield>
    <subfield code="9">17945</subfield>
  </datafield>
  <datafield tag="245" ind1=" " ind2=" ">
    <subfield code="a">&#x10D4;&#x10DB;&#x10D1;&#x10E0;&#x10D8;&#x10DD;&#x10DA;&#x10DD;&#x10D2;&#x10D8;&#x10D0; :</subfield>
    <subfield code="b">&#x10E1;&#x10D0;&#x10EE;&#x10D4;&#x10DA;&#x10DB;&#x10EB;&#x10E6;&#x10D5;. &#x10E1;&#x10D0;&#x10DB;&#x10D4;&#x10D3;. &#x10D8;&#x10DC;-&#x10E2;&#x10D8;&#x10E1; &#x10E1;&#x10E2;&#x10E3;&#x10D3;&#x10D4;&#x10DC;&#x10E2;&#x10D4;&#x10D1;&#x10D8;&#x10E1;&#x10D0;&#x10D7;&#x10D5;&#x10D8;&#x10E1; /</subfield>
    <subfield code="c">&#x10D5;. &#x10D2;&#x10D0;&#x10E9;&#x10D4;&#x10E9;&#x10D8;&#x10DA;&#x10D0;&#x10EB;&#x10D4;, &#x10E0;&#x10D4;&#x10D3;. &#x10D4;. &#x10D8;&#x10D5;&#x10D0;&#x10DC;&#x10D0;&#x10E8;&#x10D5;&#x10D8;&#x10DA;&#x10D8;</subfield>
  </datafield>
  <datafield tag="264" ind1=" " ind2=" ">
    <subfield code="a">&#x10D7;&#x10D1;&#x10D8;&#x10DA;&#x10D8;&#x10E1;&#x10D8; :</subfield>
    <subfield code="b">&#x10D2;&#x10D0;&#x10DC;&#x10D0;&#x10D7;&#x10DA;&#x10D4;&#x10D1;&#x10D0;,</subfield>
    <subfield code="c">1989.</subfield>
  </datafield>
  <datafield tag="300" ind1=" " ind2=" ">
    <subfield code="a">291 &#x10D2;&#x10D5;. :</subfield>
    <subfield code="b"> 8 &#x10E4;. &#x10D8;&#x10DA;. ; </subfield>
    <subfield code="c">22 &#x10E1;&#x10DB;.</subfield>
  </datafield>
  <datafield tag="504" ind1=" " ind2=" ">
    <subfield code="a">&#x10D1;&#x10D8;&#x10D1;&#x10DA;&#x10D8;&#x10DD;&#x10D2;&#x10E0;.: &#x10D2;&#x10D5;. 289-290</subfield>
  </datafield>
  <datafield tag="653" ind1=" " ind2=" ">
    <subfield code="a">&#x10D4;&#x10DB;&#x10D1;&#x10E0;&#x10D8;&#x10DD;&#x10DA;&#x10DD;&#x10D2;&#x10D8;&#x10D0;</subfield>
  </datafield>
  <datafield tag="653" ind1=" " ind2=" ">
    <subfield code="a">&#x10E1;&#x10D0;&#x10EE;&#x10D4;&#x10DA;&#x10DB;&#x10EB;&#x10E6;&#x10D5;. &#x10E1;&#x10D0;&#x10DB;&#x10D4;&#x10D3;. &#x10D8;&#x10DC;-&#x10E2;&#x10D8;&#x10E1; &#x10E1;&#x10E2;&#x10E3;&#x10D3;&#x10D4;&#x10DC;&#x10E2;&#x10D4;&#x10D1;&#x10D8;&#x10E1;&#x10D0;&#x10D7;&#x10D5;&#x10D8;&#x10E1;</subfield>
  </datafield>
  <datafield tag="653" ind1=" " ind2=" ">
    <subfield code="a">&#x10DB;&#x10D4;&#x10D3;&#x10D8;&#x10EA;&#x10D8;&#x10DC;&#x10D0;</subfield>
  </datafield>
  <datafield tag="700" ind1=" " ind2=" ">
    <subfield code="a">&#x10D8;&#x10D5;&#x10D0;&#x10DC;&#x10D0;&#x10E8;&#x10D5;&#x10D8;&#x10DA;&#x10D8;, &#x10D4;</subfield>
    <subfield code="e">&#x10E0;&#x10D4;&#x10D3;&#x10D0;&#x10E5;&#x10E2;&#x10DD;&#x10E0;&#x10D8;</subfield>
    <subfield code="9">5394</subfield>
  </datafield>
  <datafield tag="942" ind1=" " ind2=" ">
    <subfield code="c">BK</subfield>
    <subfield code="2">udc</subfield>
  </datafield>
  <datafield tag="952" ind1=" " ind2=" ">
    <subfield code="0">0</subfield>
    <subfield code="1">0</subfield>
    <subfield code="2">udc</subfield>
    <subfield code="4">0</subfield>
    <subfield code="6">6110130758_&#x10D2;23</subfield>
    <subfield code="7">0</subfield>
    <subfield code="9">82598</subfield>
    <subfield code="a">CPL</subfield>
    <subfield code="b">CPL</subfield>
    <subfield code="c">GEN</subfield>
    <subfield code="d">2018-12-17</subfield>
    <subfield code="g">10.00</subfield>
    <subfield code="o">611.013(075.8) &#x10D2;-23</subfield>
    <subfield code="p">28565</subfield>
    <subfield code="r">2018-12-17</subfield>
    <subfield code="t">28565</subfield>
    <subfield code="w">2018-12-17</subfield>
    <subfield code="y">BK</subfield>
    <subfield code="z">10.00</subfield>
  </datafield>
  <datafield tag="952" ind1=" " ind2=" ">
    <subfield code="0">0</subfield>
    <subfield code="1">0</subfield>
    <subfield code="2">udc</subfield>
    <subfield code="4">0</subfield>
    <subfield code="6">6110130758_&#x10D2;23</subfield>
    <subfield code="7">0</subfield>
    <subfield code="9">82599</subfield>
    <subfield code="a">CPL</subfield>
    <subfield code="b">CPL</subfield>
    <subfield code="c">GEN</subfield>
    <subfield code="d">2018-12-17</subfield>
    <subfield code="g">10.00</subfield>
    <subfield code="o">611.013(075.8) &#x10D2;-23</subfield>
    <subfield code="p">28566</subfield>
    <subfield code="r">2018-12-17</subfield>
    <subfield code="t">28566</subfield>
    <subfield code="w">2018-12-17</subfield>
    <subfield code="y">BK</subfield>
    <subfield code="z">10.00</subfield>
  </datafield>
  <datafield tag="952" ind1=" " ind2=" ">
    <subfield code="0">0</subfield>
    <subfield code="1">0</subfield>
    <subfield code="2">udc</subfield>
    <subfield code="4">0</subfield>
    <subfield code="6">6110130758_&#x10D2;23</subfield>
    <subfield code="7">0</subfield>
    <subfield code="9">100930</subfield>
    <subfield code="a">CPL</subfield>
    <subfield code="b">CPL</subfield>
    <subfield code="c">GEN</subfield>
    <subfield code="d">2024-10-28</subfield>
    <subfield code="g">10.00</subfield>
    <subfield code="o">611.013(075.8) &#x10D2;-23</subfield>
    <subfield code="p">69524</subfield>
    <subfield code="r">2024-10-28</subfield>
    <subfield code="t">69524</subfield>
    <subfield code="w">2024-10-28</subfield>
    <subfield code="y">BK</subfield>
    <subfield code="z">10.00</subfield>
  </datafield>
  <datafield tag="952" ind1=" " ind2=" ">
    <subfield code="0">0</subfield>
    <subfield code="1">0</subfield>
    <subfield code="2">udc</subfield>
    <subfield code="4">0</subfield>
    <subfield code="6">6110130758_&#x10D2;23</subfield>
    <subfield code="7">0</subfield>
    <subfield code="9">100931</subfield>
    <subfield code="a">CPL</subfield>
    <subfield code="b">CPL</subfield>
    <subfield code="c">GEN</subfield>
    <subfield code="d">2024-10-28</subfield>
    <subfield code="g">10.00</subfield>
    <subfield code="o">611.013(075.8) &#x10D2;-23</subfield>
    <subfield code="p">69525</subfield>
    <subfield code="r">2024-10-28</subfield>
    <subfield code="t">69525</subfield>
    <subfield code="w">2024-10-28</subfield>
    <subfield code="y">BK</subfield>
    <subfield code="z">10.00</subfield>
  </datafield>
  <datafield tag="952" ind1=" " ind2=" ">
    <subfield code="0">0</subfield>
    <subfield code="1">0</subfield>
    <subfield code="2">udc</subfield>
    <subfield code="4">0</subfield>
    <subfield code="6">6110130758_&#x10D2;23</subfield>
    <subfield code="7">0</subfield>
    <subfield code="9">100932</subfield>
    <subfield code="a">CPL</subfield>
    <subfield code="b">CPL</subfield>
    <subfield code="c">GEN</subfield>
    <subfield code="d">2024-10-28</subfield>
    <subfield code="g">10.00</subfield>
    <subfield code="o">611.013(075.8) &#x10D2;-23</subfield>
    <subfield code="p">69526</subfield>
    <subfield code="r">2024-10-28</subfield>
    <subfield code="t">69526</subfield>
    <subfield code="w">2024-10-28</subfield>
    <subfield code="y">BK</subfield>
    <subfield code="z">10.00</subfield>
  </datafield>
  <datafield tag="952" ind1=" " ind2=" ">
    <subfield code="0">0</subfield>
    <subfield code="1">0</subfield>
    <subfield code="2">udc</subfield>
    <subfield code="4">0</subfield>
    <subfield code="6">6110130758_&#x10D2;23</subfield>
    <subfield code="7">0</subfield>
    <subfield code="9">100933</subfield>
    <subfield code="a">CPL</subfield>
    <subfield code="b">CPL</subfield>
    <subfield code="c">GEN</subfield>
    <subfield code="d">2024-10-28</subfield>
    <subfield code="g">10.00</subfield>
    <subfield code="o">611.013(075.8) &#x10D2;-23</subfield>
    <subfield code="p">69527</subfield>
    <subfield code="r">2024-10-28</subfield>
    <subfield code="t">69527</subfield>
    <subfield code="w">2024-10-28</subfield>
    <subfield code="y">BK</subfield>
    <subfield code="z">10.00</subfield>
  </datafield>
  <datafield tag="952" ind1=" " ind2=" ">
    <subfield code="0">0</subfield>
    <subfield code="1">0</subfield>
    <subfield code="2">udc</subfield>
    <subfield code="4">0</subfield>
    <subfield code="6">6110130758_&#x10D2;23</subfield>
    <subfield code="7">0</subfield>
    <subfield code="9">100934</subfield>
    <subfield code="a">CPL</subfield>
    <subfield code="b">CPL</subfield>
    <subfield code="c">GEN</subfield>
    <subfield code="d">2024-10-28</subfield>
    <subfield code="g">10.00</subfield>
    <subfield code="o">611.013(075.8) &#x10D2;-23</subfield>
    <subfield code="p">69528</subfield>
    <subfield code="r">2024-10-28</subfield>
    <subfield code="t">69528</subfield>
    <subfield code="w">2024-10-28</subfield>
    <subfield code="y">BK</subfield>
    <subfield code="z">10.00</subfield>
  </datafield>
  <datafield tag="952" ind1=" " ind2=" ">
    <subfield code="0">0</subfield>
    <subfield code="1">0</subfield>
    <subfield code="2">udc</subfield>
    <subfield code="4">0</subfield>
    <subfield code="6">6110130758_&#x10D2;23</subfield>
    <subfield code="7">0</subfield>
    <subfield code="9">100935</subfield>
    <subfield code="a">CPL</subfield>
    <subfield code="b">CPL</subfield>
    <subfield code="c">GEN</subfield>
    <subfield code="d">2024-10-28</subfield>
    <subfield code="g">10.00</subfield>
    <subfield code="o">611.013(075.8) &#x10D2;-23</subfield>
    <subfield code="p">69529</subfield>
    <subfield code="r">2024-10-28</subfield>
    <subfield code="t">69529</subfield>
    <subfield code="w">2024-10-28</subfield>
    <subfield code="y">BK</subfield>
    <subfield code="z">10.00</subfield>
  </datafield>
  <datafield tag="952" ind1=" " ind2=" ">
    <subfield code="0">0</subfield>
    <subfield code="1">0</subfield>
    <subfield code="2">udc</subfield>
    <subfield code="4">0</subfield>
    <subfield code="6">6110130758_&#x10D2;23</subfield>
    <subfield code="7">0</subfield>
    <subfield code="9">100936</subfield>
    <subfield code="a">CPL</subfield>
    <subfield code="b">CPL</subfield>
    <subfield code="c">GEN</subfield>
    <subfield code="d">2024-10-28</subfield>
    <subfield code="g">10.00</subfield>
    <subfield code="o">611.013(075.8) &#x10D2;-23</subfield>
    <subfield code="p">69530</subfield>
    <subfield code="r">2024-10-28</subfield>
    <subfield code="t">69530</subfield>
    <subfield code="w">2024-10-28</subfield>
    <subfield code="y">BK</subfield>
    <subfield code="z">10.00</subfield>
  </datafield>
  <datafield tag="952" ind1=" " ind2=" ">
    <subfield code="0">0</subfield>
    <subfield code="1">0</subfield>
    <subfield code="2">udc</subfield>
    <subfield code="4">0</subfield>
    <subfield code="6">6110130758_&#x10D2;23</subfield>
    <subfield code="7">0</subfield>
    <subfield code="9">102281</subfield>
    <subfield code="a">CPL</subfield>
    <subfield code="b">CPL</subfield>
    <subfield code="c">GEN</subfield>
    <subfield code="d">2025-03-13</subfield>
    <subfield code="g">10.00</subfield>
    <subfield code="o">611.013(075.8) &#x10D2;-23</subfield>
    <subfield code="p">70840</subfield>
    <subfield code="r">2025-03-13</subfield>
    <subfield code="t">70840</subfield>
    <subfield code="w">2025-03-13</subfield>
    <subfield code="y">BK</subfield>
    <subfield code="z">10.00</subfield>
  </datafield>
</record>
